00286nam a2200121Ia 45000030006000000080041000060400015000471000026000622450038000882600009001265460012001350050017001470STCL150530s9999 xx 000 0 und d aSTCLcSTCL aHelen Harding, E.; Ed aHamlet electra beyond the horizon c1966 aEnglish20220125171007.0